| 000 | 00854nas a2200265 4500 | ||
|---|---|---|---|
| 001 | BR0704010 | ||
| 003 | BR-BrBNA | ||
| 005 | 20231205111059.0 | ||
| 007 | ta | ||
| 008 | 230509b bl.|||p| |||| 00| 00por d | ||
| 040 |
_aBR-BrBNA _bpor _cBiblioteca Nacional de Agricultura |
||
| 041 | _a(Pt) | ||
| 072 | _aH10 | ||
| 100 | 1 | _aReis, P.R. | |
| 100 | 1 | _aSouza, J.C. | |
| 245 | 1 | _aManejo integrado do bicho-mineiro, Perileucoptera coffeella (Guéren-mèneville)(Lepidoptera:lyonetiidae), e seu reflexo na produção de café | |
| 650 | _aCAFÉ | ||
| 650 | _aMANEJO | ||
| 650 | _aBICHO MINEIRO | ||
| 650 | _aBIOLOGIA | ||
| 650 | _aCONTROLE QUÍMICO | ||
| 773 | 0 |
_tAnais da Sociedade Entomológica do Brasil (Brazil) _xISSN 0301-8050 _g(Apr 1996), v. 25(1) p. 77-82 _wBR0704010 |
|
| 909 |
_a202311 _bLúcia _c55 _dLúcia Elande |
||
| 942 |
_2AGRIS _n0 _cANA |
||
| 999 |
_c190535 _d190535 |
||